Largest Cities That Are Not Capitals - Statistics

General Stats
  • This quiz has been taken 19 times
  • The average score is 22 of 37
Answer Stats
Country Capital City Largest City % Correct
Australia Canberra Sydney
100%
United Arab Emirates Abu Dhabi Dubai
89%
Vietnam Hanoi Ho Chi Minh City
89%
Turkey Ankara Istanbul
89%
South Africa Pretoria Johannesburg
89%
Pakistan Islamabad Karachi
89%
India New Delhi Mumbai
89%
United States Washington, D.C. New York City
89%
Brazil Brasília São Paulo
89%
Israel Jerusalem Tel Aviv
89%
Canada Ottawa Toronto
89%
Switzerland Bern Zürich
89%
New Zealand Wellington Auckland
84%
Morocco Rabat Casablanca
84%
Nigeria Abuja Lagos
84%
Liechtenstein Vaduz Schaan
84%
China Beijing Shanghai
84%
Tanzania Dodoma Dar es Salaam
63%
Palestine Jerusalem Gaza City
63%
Philippines Manila Quezon City
63%
Myanmar Naypyidaw Yangon
63%
Ivory Coast Yamoussoukro Abidjan
58%
Kazakhstan Astana Almaty
58%
Belize Belmopan Belize City
53%
Ecuador Quito Guayaquil
53%
Equatorial Guinea Ciudad de la Paz Malabo
42%
Benin Porto-Novo Cotonou
37%
Cameroon Yaoundé Douala
37%
Burundi Gitega Bujumbura
32%
Taiwan Taipei New Taipei
26%
Palau Ngerulmud Koror
11%
San Marino San Marino Serravalle
11%
Trinidad and Tobago Port of Spain Chaguanas
5%
Bolivia Sucre Santa Cruz de la Sierra
5%
Gambia Banjul Serrekunda
5%
Malta Valletta St. Paul's Bay
5%
Federated States of Micronesia Palikir Weno
5%
No matching quizzes found
Score Distribution
Percent of People with Each Score
Percentile by Number Answered
Your Score History
You have not taken this quiz